000 00875nam a2200253 a 4500
001 adlib96000001
003 ViArRB
005 200902210153555.7
008 960221s1955 dcuabcdjdbkoqu001 0deng d
020 _a
022 _a
040 _aAdlib
082 _a551.510.4(548.1)
245 _aStudies on air pollution meteorology with special reference to Madras City
250 _a
260 _aCochin University
_bSchool of Marine Sciences
_c1989
300 _aii, 115p.
_c
500 _a
100 _aBabu, C. A.
_e
700 _a
_a
942 _cREF
653 _aAtmosphere
_aSky
_aUpper atmosphere
_aAir
_aEarth
_aStructure
_aMeteorology
_aClimatology
_aPollution, Air
_aAir pollution
_aEnvironmental health
_aPollution
_amadras city
952 _w2010-06-16
_pG0004025
_r2010-06-16
_40
_00
_bUL
_10
_o551.510.4(548.1) BAB T
_d2010-06-16
_70
_yREF
_aUL
999 _c16294
_d16293